00550nam a2200181Ia 450000500170000000800410001702000180005805000200007608200070009610000350010324500720013825000170021026000350022730000180026250400310028050500400031165000170035120231102151706.0120625s1997 mx 000 0 spa d a9786077971054 aBF121bC67 2011 2 1 aCorres Ayala, Patricia.eautor00aRazón y experiencia en la psicología c / Patricia Corres Ayala a2a edición aMéxicob : Fontamarac, 1997 a141 páginas aBibliografia (pp. 139-141) aRacionalismo Empirismo Positivismo aPSICOLOGÍA